00213pam a2200085a 44500008004100000041000800041100001700049245002800066260003300094230405s1999 xxu||||| |||| 00| 0 eng d aENG aSteve Parker aLook at your body blood abNavneet Publicationsc1999